000 00279 a2200109 4500
005 20251204143147.0
020 _a9789354439384
100 _aKarukuri V.
_9215656
245 _aVenky On Data Structures: For Those Who Hate Them
260 _bPHI Learning P.Ltd.
_c2025
942 _cAR
999 _c369274
_d369274